000 01276nam a22003731i 4500
005 20201123162514.0
008 201123s2019 my aob|e ||| 001 0 may d
020 _a9789674406318
_cRM 36.00
_qpaperback
040 _aPPAK
_beng
_cPPAK
_erda
082 0 4 _223
_a306.76
090 0 0 _a306.76
_bKAU
_dG
245 0 0 _aKAUNSELING TINGKAH LAKU SEKS SONGSANG LGBT /
_cRoslee Ahmad, Ismail Tambi, Mohamad Isa Amat, Salleh Amat, Muhamad Khairi Mahyuddin
264 1 _aBandar Baru Nilai, Negeri Sembilan :
_bPenerbit USIM ,
_c2019.
300 _axiii, 184 pages :
_bcharts, photographs and illustration ;
_c24 cm.
336 _2rdacontent
_atext
337 _2rdamedia
_aunmediated
338 _2rdacarrier
_avolume
500 _aIncludes index.
504 _aBibliography: pages [175]-180
650 1 0 _aTransgenderism.
650 2 0 _aSex (Psychology).
650 2 0 _aLesbians.
650 2 0 _aGays.
650 2 0 _aBisexuals.
650 2 0 _aGender identity disorders.
650 2 0 _aSexual minorities.
650 2 0 _aGovernment publications
_zMalaysia.
700 0 _aRoslee Ahmad,
_eauthor.
700 0 _aIsmail Tambi,
_eauthor.
700 0 _aMohamad Isa Amat,
_eauthor.
700 0 _aSalleh Amat.
_eauthor.
700 0 _aMuhamad Khairi Mahyuddin.
_eauthor.
942 _2ddc
_cB
999 _c180108
_d180108